Statistiques concernant Testez votre espagnol #3

Cliquez ici pour prendre le quiz!

Statistiques générales

  • Ce quiz a été pris 628 fois
  • Le résultat moyen est 10 sur 12

Statistiques - réponses

MotRéponse% Correct
ChocolateChocolat
99%
TelevisionTélévision
99%
PinturaPeinture
98%
RojoRouge
98%
CartonCarton
97%
ElectricidadÉlectricité
97%
ArbolArbre
92%
LuzLumière
90%
CarneViande
89%
PolloPoulet
80%
HuevoŒuf
74%
CajaBoîte
33%

Distribution des résultats

Percentile par nombre de réponses

% des personnes avec chaque résultat

Votre développement - résultats

Vous n’avez pas pris ce quiz